[Event "Solingen op-B"]
[Site "Solingen"]
[Date "2005.05.26"]
[Round "1"]
[White "Kocur, Beata"]
[Black "Rizzi, Leo"]
[Result "1-0"]
[WhiteElo "1767"]
[BlackElo "1310"]
[PlyCount "43"]
[EventDate "2005.05.26"]
[EventType "swiss"]
[EventRounds "7"]
[EventCountry "GER"]
[SourceTitle "EXT 2006"]
[Source "ChessBase"]
[SourceDate "2005.11.24"]
[SourceVersion "1"]
[SourceVersionDate "2005.11.24"]
[SourceQuality "1"]

1. e4 e5 2. Nf3 Nc6 3. d4 exd4 4. Bc4 d6 5. Nxd4 Bd7 6. Nc3 Nf6 7. 0-0 Ne5 8. Bb3 c5 9. f4 cxd4 10. fxe5 dxe5 11. Nd5 Nxe4 12. Qh5 Nd6 13. Qxe5+ Be6 14. Qxd4 Nb5 15. Qe5 Bc5+ 16. Be3 Bxe3+ 17. Nxe3 Qb6 18. Bxe6 fxe6 19. Rad1 Rf8 20. c4 Rxf1+ 21. Kxf1 Nc7 22. Nf5 1-0

[Event "Solingen op-B"]
[Site "Solingen"]
[Date "2005.05.26"]
[Round "2"]
[White "Rizzi, Leo"]
[Black "Gruschinski, Marc"]
[Result "1-0"]
[WhiteElo "1310"]
[BlackElo "1568"]
[PlyCount "61"]
[EventDate "2005.05.26"]
[EventType "swiss"]
[EventRounds "7"]
[EventCountry "GER"]
[SourceTitle "EXT 2006"]
[Source "ChessBase"]
[SourceDate "2005.11.24"]
[SourceVersion "1"]
[SourceVersionDate "2005.11.24"]
[SourceQuality "1"]

1. d4 Nf6 2. c4 g6 3. Nc3 Bg7 4. e4 d6 5. Nf3 0-0 6. Be2 c5 7. d5 Re8 8. Qc2 e6 9. Bg5 Qa5 10. 0-0 Na6 11. a3 Nc7 12. Bxf6 Bxf6 13. Rfe1 Rb8 14. dxe6 Nxe6 15. Nd5 Bg7 16. b4 cxb4 17. axb4 Qd8 18. Rxa7 Nd4 19. Qd3 Nxf3+ 20. Bxf3 f5 21. g3 fxe4 22. Rxe4 Bf5 23. Rxe8+ Qxe8 24. Qe3 Be5 25. Bg2 Qe6 26. f4 Bd4 27. Qxd4 Qe1+ 28. Bf1 Bh3 29. Ra1 Qe6 30. Bxh3 Qxh3 31. Qf6 1-0